000 00459nam a22001457a 4500
082 _a621.3
100 _aZarayat, Sehrish
245 _aFrequency Limited Model Order Reduction Technique /
_cSehrish Zarayat
260 _aIslamabad :
_bMCS - NUST,
_c2017.
300 _a43 p. ;
_c30cm.
650 _aElectrical Engineering-MS-Thesis
_916073
700 _aDr. Muhammad Imran
_916644
942 _2ddc
_cTHE
999 _c540863
_d540863